[Event "IHEM 2009"]
[Site "Hamburg"]
[Date "2009.06.03"]
[Round "5.5"]
[White "Ftacnik, Lubomir"]
[Black "Carlstedt, Jonathan"]
[Result "1-0"]
[WhiteElo "2559"]
[BlackElo "2322"]
[PlyCount "71"]
[EventDate "2009.??.??"]
[EventRounds "9"]
[EventCountry "GER"]
[WhiteTeam "Hamburger SK von 1830 eV"]
[BlackTeam "Hamburger SK von 1830 eV"]

1. Nf3 c5 2. c4 g6 3. e4 Bg7 4. d4 cxd4 5. Nxd4 Nc6 6. Be3 Nf6 7. Nc3 Ng4 8.
Qxg4 Nxd4 9. Qd1 Ne6 10. Qd2 b6 11. Rc1 Bb7 12. Bd3 O-O 13. O-O Rc8 14. Rfe1
Kh8 15. Nd5 Nc5 16. Bb1 Bxd5 17. exd5 e5 18. b4 Nb7 19. d6 f5 20. Bg5 Qe8 21.
Be7 Rf7 22. Qd5 Nd8 23. Bxd8 Rxd8 24. c5 Rf8 25. Bd3 bxc5 26. bxc5 Rb8 27. a4
Rb4 28. Bb5 Qc8 29. Rxe5 a6 30. Bxd7 Qxd7 31. c6 Qa7 32. d7 Rbb8 33. Rce1 Bf6
34. Re8 Qc7 35. Qc5 Kg7 36. Qxf8# 1-0

[Event "IHEM 2009"]
[Site "Hamburg"]
[Date "2009.06.03"]
[Round "5.8"]
[White "Lindinger, Markus"]
[Black "Wohl, Aleksandar H"]
[Result "0-1"]
[WhiteElo "2283"]
[BlackElo "2376"]
[PlyCount "62"]
[EventDate "2009.??.??"]
[EventRounds "9"]
[EventCountry "GER"]
[WhiteTeam "Hamburger SK von 1830 eV"]
[BlackTeam "SK Weilheim"]

1. Nf3 c5 2. c4 Nc6 3. Nc3 g6 4. e3 Nf6 5. d4 cxd4 6. exd4 d5 7. cxd5 Nxd5 8.
Bc4 Nxc3 9. bxc3 Bg7 10. O-O O-O 11. Re1 Qc7 12. Bg5 Nxd4 13. cxd4 Qxc4 14.
Bxe7 Re8 15. Rc1 Qd5 16. Rc5 Qd7 17. Bg5 Rxe1+ 18. Qxe1 b6 19. Re5 Bxe5 20.
Nxe5 Qd5 21. Qe3 Bb7 22. f3 Re8 23. Qf4 Qxa2 24. h4 Qb1+ 25. Kh2 Qf5 26. Qd2 h5
27. g4 Qe6 28. Qf4 hxg4 29. Nxg4 Qe2+ 30. Kg3 Qe1+ 31. Kh3 Bc8 0-1

[Event "IHEM 2009"]
[Site "Hamburg"]
[Date "2009.06.03"]
[Round "5.10"]
[White "Pajeken, Wolfgang"]
[Black "Schulz, Hans Juergen"]
[Result "1-0"]
[WhiteElo "2317"]
[BlackElo "2013"]
[PlyCount "138"]
[EventDate "2009.??.??"]
[EventRounds "9"]
[EventCountry "GER"]
[WhiteTeam "Hamburger SK von 1830 eV"]
[BlackTeam "Hamburger SK von 1830 eV"]

1. d4 d5 2. c4 e6 3. Nf3 c5 4. cxd5 exd5 5. Nc3 Be6 6. g3 Nc6 7. Bg2 cxd4 8.
Nxd4 Bc5 9. Be3 Qb6 10. Nxe6 fxe6 11. Bxc5 Qxc5 12. O-O Nf6 13. Rc1 Qe7 14. e4
dxe4 15. Nxe4 O-O 16. Qd6 Nxe4 17. Qxe7 Nxe7 18. Bxe4 Nd5 19. Rfd1 Rad8 20. a3
Rd7 21. Rc2 Rfd8 22. Rdc1 Kf7 23. Kf1 Nf6 24. Bf3 Nd5 25. Ke2 Ke7 26. Rc4 Nf6
27. R1c2 Nd5 28. Bg2 Nb6 29. Rg4 Kf6 30. Rf4+ Ke7 31. Rg4 Kf6 32. Rf4+ Ke7 33.
Rh4 h6 34. Rg4 Kf6 35. Rf4+ Ke7 36. Rg4 Kf6 37. Rf4+ Ke7 38. Re4 Kf6 39. Bh3
Rd6 40. Rc7 R8d7 41. Rxd7 Nxd7 42. Rb4 Nc5 43. Rf4+ Ke7 44. Rc4 Nd7 45. Bg2 Rb6
46. b4 Kd8 47. Rg4 g5 48. Rd4 Ke7 49. Rc4 Kd8 50. Rc3 Nf6 51. h3 Kd7 52. Rd3+
Ke7 53. Ke3 Ne8 54. Rc3 Kd7 55. f4 Nd6 56. fxg5 hxg5 57. Rc5 Nf5+ 58. Kf2 Rd6
59. Bxb7 Rd2+ 60. Ke1 Rh2 61. g4 Nd4 62. Rxg5 Rxh3 63. Ra5 Rxa3 64. Rxa3 Nc2+
65. Kd2 Nxa3 66. Ba6 e5 67. Kc3 Kc6 68. Kb2 e4 69. Kxa3 Kd6 1-0

[Event "IHEM 2009"]
[Site "Hamburg"]
[Date "2009.06.03"]
[Round "5.11"]
[White "Bach, Matthias"]
[Black "Hebbinghaus, Holger"]
[Result "1/2-1/2"]
[WhiteElo "2276"]
[BlackElo "2298"]
[PlyCount "69"]
[EventDate "2009.??.??"]
[EventRounds "9"]
[EventCountry "GER"]
[WhiteTeam "Hamburger SK von 1830 eV"]
[BlackTeam "SK Marmstorf GW Harburg"]

1. d4 d5 2. c4 c6 3. Nc3 Nf6 4. Nf3 Qb6 5. c5 Qc7 6. g3 Bg4 7. Ne5 Be6 8. Nd3
Nbd7 9. Bg2 g6 10. Bf4 Qc8 11. Qd2 h6 12. O-O Bg7 13. Rac1 g5 14. Be5 Bf5 15.
f4 g4 16. Nf2 O-O 17. Ncd1 h5 18. Ne3 e6 19. Ned1 Bh6 20. Bd6 Re8 21. e3 Ne4
22. Nxe4 Bxe4 23. Bxe4 dxe4 24. f5 Nf6 25. Be5 Nd5 26. f6 Kh8 27. Rc3 Nxc3 28.
Nxc3 Qd7 29. Nxe4 Rg8 30. Nd6 b5 31. h4 a5 32. Qd3 Raf8 33. Qe4 Rg6 34. Kh2
Rfg8 35. Qd3 1/2-1/2

[Event "IHEM 2009"]
[Site "Hamburg"]
[Date "2009.06.03"]
[Round "5.12"]
[White "Maahs, Erich"]
[Black "Bente, Bjoern"]
[Result "0-1"]
[WhiteElo "2168"]
[BlackElo "2273"]
[PlyCount "94"]
[EventDate "2009.??.??"]
[EventRounds "9"]
[EventCountry "GER"]
[WhiteTeam "SC Concordia SAbt Palamedes"]
[BlackTeam "Hamburger SK von 1830 eV"]

1. e4 c6 2. d4 d5 3. exd5 cxd5 4. c4 Nf6 5. Nc3 Nc6 6. Bg5 e6 7. Nf3 Be7 8. c5
O-O 9. Bb5 Ne4 10. Bxe7 Nxe7 11. Rc1 Bd7 12. Bxd7 Qxd7 13. Ne5 Qd8 14. O-O Nc6
15. Nxc6 bxc6 16. Qa4 Nxc3 17. Rxc3 Qc7 18. Rb3 Rfb8 19. Rxb8+ Rxb8 20. b4 h6
21. f4 Rb5 22. a3 a5 23. Qb3 axb4 24. a4 Rb8 25. g3 Qa5 26. Kf2 Qa6 27. Rc1 Kf8
28. h4 Qa7 29. Ra1 Kg8 30. Ra2 Qa6 31. Rc2 Rb7 32. Kg2 Ra7 33. Qxb4 Qxa4 34.
Qb8+ Kh7 35. Rf2 Ra5 36. Qc7 Ra7 37. Qb6 Qa1 38. f5 exf5 39. Qxc6 Qxd4 40. Qc8
g6 41. h5 Qe4+ 42. Kh2 Ra1 43. hxg6+ Kg7 44. Rg2 Qg4 45. Rd2 Qh5+ 46. Kg2 Qh1+
47. Kf2 Rf1+ 0-1

[Event "IHEM 2009"]
[Site "Hamburg"]
[Date "2009.06.03"]
[Round "5.13"]
[White "Strobel, Holger"]
[Black "Kopisch, Martin"]
[Result "1-0"]
[WhiteElo "2255"]
[BlackElo "2142"]
[PlyCount "100"]
[EventDate "2009.??.??"]
[EventRounds "9"]
[EventCountry "GER"]
[WhiteTeam "SK Union Eimsbüttel eV"]
[BlackTeam "Bille SC von 1924 e.V."]

1. d4 d5 2. c4 c6 3. Nc3 Nf6 4. Nf3 dxc4 5. e4 b5 6. e5 Nd5 7. a4 e6 8. axb5
Nxc3 9. bxc3 cxb5 10. Ng5 Bb7 11. Qh5 g6 12. Qg4 Be7 13. Be2 Bd5 14. Ne4 h5 15.
Qf4 Nd7 16. O-O a5 17. Bf3 Nb6 18. Nd6+ Bxd6 19. exd6 g5 20. Qe5 f6 21. Qe2
Qxd6 22. Bxh5+ Kd7 23. f4 g4 24. Bxg4 f5 25. Bf3 b4 26. Re1 Rhg8 27. Bd2 b3 28.
Bc1 Qc6 29. Bxd5 Nxd5 30. g3 Rg4 31. Qf3 a4 32. Re5 Rag8 33. Ba3 R8g6 34. Rae1
Nxf4 35. d5 Qb6+ 36. Kh1 Rxg3 37. dxe6+ Rxe6 38. Rxe6 Rxf3 39. Rxb6 Rd3 40.
Re7+ Kc8 41. h4 Nd5 42. Rc6+ Kd8 43. Rg7 Rd1+ 44. Kh2 Rd2+ 45. Kg1 Nxc3 46.
Rxc4 Rc2 47. Be7+ Ke8 48. Rc8+ Kd7 49. Rxc3 b2 50. Ba3+ Ke6 1-0

[Event "IHEM 2009"]
[Site "Hamburg"]
[Date "2009.06.03"]
[Round "5.14"]
[White "Mueller, Joerg"]
[Black "Foerster, Andreas"]
[Result "1-0"]
[WhiteElo "2098"]
[BlackElo "2214"]
[PlyCount "120"]
[EventDate "2009.??.??"]
[EventRounds "9"]
[EventCountry "GER"]
[WhiteTeam "SV Eidelstedt"]
[BlackTeam "SK Union Eimsbüttel eV"]

1. e4 c5 2. d3 Nc6 3. Nc3 g6 4. g3 Bg7 5. Bg2 e6 6. Nge2 Nge7 7. O-O O-O 8. Bg5
Nd4 9. Nxd4 cxd4 10. Ne2 h6 11. Bd2 d5 12. Bb4 dxe4 13. Bxe4 a5 14. Bd2 e5 15.
c3 dxc3 16. Nxc3 f5 17. Bg2 Qxd3 18. Qc1 Kh7 19. Rd1 Qa6 20. Bf1 Qf6 21. f4 e4
22. Be3 Be6 23. Bd4 Qf7 24. Bxg7 Qxg7 25. Rd6 Qf7 26. Qd2 Nc6 27. Bb5 Rac8 28.
Rd1 Rfe8 29. Qe3 Re7 30. a3 Rd7 31. Rxd7 Bxd7 32. Qb6 Be6 33. Bxc6 Rxc6 34.
Qxa5 Bc4 35. Rd5 e3 36. Qd8 Rc7 37. Qd6 b5 38. Rd1 e2 39. Re1 Rd7 40. Qc5 Qe8
41. Kf2 Rd2 42. Qc7+ Kg8 43. a4 Rxb2 44. axb5 Bxb5 45. Nd5 Qe6 46. Qd8+ Kf7 47.
Qc7+ Bd7 48. Ne3 Rb4 49. Rxe2 Re4 50. Rd2 Ke8 51. Nd5 Kf8 52. Ne3 Rxe3 53. Qc5+
Kf7 54. Qxe3 Qc6 55. Qa7 Ke7 56. Qa3+ Kf7 57. Qd6 Qxd6 58. Rxd6 Be6 59. Ke3 g5
60. Kd4 gxf4 1-0

[Event "IHEM 2009"]
[Site "Hamburg"]
[Date "2009.06.03"]
[Round "5.15"]
[White "Jacoby, Gisbert"]
[Black "Dalakian, Haroutioun"]
[Result "1-0"]
[WhiteElo "2196"]
[BlackElo "2130"]
[PlyCount "41"]
[EventDate "2009.??.??"]
[EventRounds "9"]
[EventCountry "GER"]
[WhiteTeam "Königsspringer SC.1984 e.V."]
[BlackTeam "Hamburger SK von 1830 eV"]

1. Nf3 Nf6 2. d4 g6 3. c4 Bg7 4. Nc3 O-O 5. e4 d6 6. h3 Nfd7 7. Bg5 c6 8. Be2
Qe8 9. O-O a6 10. Re1 h6 11. Be3 b5 12. Qd2 Kh7 13. e5 dxe5 14. dxe5 Nxe5 15.
cxb5 axb5 16. Nxe5 Bxe5 17. Bxh6 Bg7 18. Bxg7 Kxg7 19. Bf3 Bf5 20. Nxb5 Na6 21.
Qc3+ 1-0

[Event "IHEM 2009"]
[Site "Hamburg"]
[Date "2009.06.03"]
[Round "5.16"]
[White "Hawranke, Dietrich"]
[Black "Sechting, Martin"]
[Result "0-1"]
[WhiteElo "2176"]
[BlackElo "2121"]
[PlyCount "34"]
[EventDate "2009.??.??"]
[EventRounds "9"]
[EventCountry "GER"]
[WhiteTeam "Pinneberger SC 1932 eV"]
[BlackTeam "Hamburger SK von 1830 eV"]

1. d4 Nf6 2. Nf3 e6 3. e3 b6 4. Bd3 Bb7 5. O-O Ne4 6. c4 f5 7. Nc3 Bb4 8. Ne2
O-O 9. a3 Be7 10. Nc3 d6 11. Qc2 Nxc3 12. bxc3 Bxf3 13. gxf3 Qe8 14. f4 Qh5 15.
Be2 Qh3 16. e4 Rf6 17. Qd3 Rg6+ 0-1

[Event "IHEM 2009"]
[Site "Hamburg"]
[Date "2009.06.03"]
[Round "5.17"]
[White "Weiss, Siegfried"]
[Black "Kull, Florian"]
[Result "0-1"]
[WhiteElo "2038"]
[BlackElo "2167"]
[PlyCount "84"]
[EventDate "2009.??.??"]
[EventRounds "9"]
[EventCountry "GER"]
[WhiteTeam "Königsspringer SC.1984 e.V."]
[BlackTeam "SF Hamburg eV 1934"]

1. e3 Nf6 2. f4 g6 3. b4 Bg7 4. Bb2 O-O 5. Nf3 d6 6. Be2 e5 7. fxe5 Ng4 8. O-O
Nc6 9. b5 Ncxe5 10. Nxe5 Nxe5 11. d4 Nd7 12. e4 Nc5 13. Nc3 Ne6 14. Na4 Qg5 15.
Kh1 Bd7 16. Bc1 Qh4 17. c3 Qxe4 18. Nb2 Qh4 19. a4 c5 20. g3 Qe7 21. Bf3 cxd4
22. Nc4 Rac8 23. Qe2 dxc3 24. Ba3 Rxc4 25. Qxc4 Rc8 26. Qe4 c2 27. Rac1 Bf8 28.
Qxb7 Nd4 29. Qxa7 Nxf3 30. Rxf3 Bc6 31. Qf2 Bxf3+ 32. Qxf3 Bh6 33. Kg2 Qa7 34.
Qg4 f5 35. Qb4 Qb7+ 36. Kh3 Bxc1 37. Bxc1 Qf3 38. Qxd6 Re8 39. Qd7 Qg4+ 40. Kg2
Qe2+ 41. Kh3 Qh5+ 42. Kg2 Re2+ 0-1

[Event "IHEM 2009"]
[Site "Hamburg"]
[Date "2009.06.04"]
[Round "6.1"]
[White "Bosch, Jeroen"]
[Black "Rogozenco, Dorian"]
[Result "1/2-1/2"]
[WhiteElo "2429"]
[BlackElo "2546"]
[PlyCount "31"]
[EventDate "2009.??.??"]
[EventRounds "9"]
[EventCountry "GER"]
[BlackTeam "ESV Nickelhütte Aue"]

1. d4 Nf6 2. c4 e6 3. Nf3 b6 4. g3 Bb7 5. Bg2 Be7 6. O-O O-O 7. Nc3 Ne4 8. Bd2
f5 9. Qc2 Bf6 10. Rad1 Nxc3 11. Bxc3 Be4 12. Qa4 Qe8 13. Rfe1 d6 14. Qxe8 Rxe8
15. Bh3 Bb7 16. Nd2 1/2-1/2

[Event "IHEM 2009"]
[Site "Hamburg"]
[Date "2009.06.04"]
[Round "6.3"]
[White "Rausis, Igor"]
[Black "Berg, Klaus"]
[Result "1/2-1/2"]
[WhiteElo "2492"]
[BlackElo "2440"]
[PlyCount "119"]
[EventDate "2009.??.??"]
[EventRounds "9"]
[EventCountry "GER"]
[WhiteTeam "SC Schwegenheim"]
[BlackTeam "Preetzer TSV"]

1. e4 d5 2. exd5 Qxd5 3. Nf3 Bg4 4. Be2 Nc6 5. h3 Bxf3 6. Bxf3 Qe5+ 7. Qe2
Qxe2+ 8. Bxe2 O-O-O 9. d3 Nd4 10. Bd1 e5 11. Nd2 Nf6 12. O-O Nd5 13. c3 Ne6 14.
Nc4 Bd6 15. Bg4 Rhe8 16. Re1 Nf6 17. Bg5 Kb8 18. Bxe6 Rxe6 19. Re3 Rde8 20.
Bxf6 Rxf6 21. d4 e4 22. Rae1 Rfe6 23. d5 R6e7 24. Nxd6 cxd6 25. f3 f5 26. fxe4
fxe4 27. Rd1 Kc7 28. Rd4 Kb6 29. Kf2 a5 30. Ke2 Re5 31. b4 axb4 32. Rxb4+ Kc7
33. a4 Rxd5 34. Rexe4 Rxe4+ 35. Rxe4 Rg5 36. g4 h5 37. Kd3 Kc6 38. Rc4+ Kb6 39.
Kc2 hxg4 40. hxg4 Re5 41. Rb4+ Kc6 42. Kb3 Re1 43. Rc4+ Kb6 44. Rb4+ Kc6 45.
Rc4+ Kb6 46. Rd4 Kc6 47. Rf4 Rg1 48. Kb4 Rb1+ 49. Kc4 b5+ 50. axb5+ Rxb5 51.
Kd4 Rg5 52. Ke4 Kd7 53. Kf3 Ke6 54. Re4+ Kf6 55. Rd4 Ke6 56. Re4+ Kf6 57. Rf4+
Ke6 58. Re4+ Kf6 59. Rd4 Ke6 60. Re4+ 1/2-1/2

[Event "IHEM 2009"]
[Site "Hamburg"]
[Date "2009.06.04"]
[Round "6.6"]
[White "Souleidis, Georgios"]
[Black "Pajeken, Wolfgang"]
[Result "1-0"]
[WhiteElo "2427"]
[BlackElo "2317"]
[PlyCount "67"]
[EventDate "2009.??.??"]
[EventRounds "9"]
[EventCountry "GER"]
[WhiteTeam "Sportfreunde Katernberg 1913 e.V"]
[BlackTeam "Hamburger SK von 1830 eV"]

1. e4 e5 2. Nf3 Nc6 3. Bc4 Bc5 4. c3 Nf6 5. d3 a6 6. Bb3 Ba7 7. O-O d6 8. h3
O-O 9. Re1 Be6 10. Bc2 d5 11. Qe2 dxe4 12. dxe4 h6 13. Nbd2 Nh7 14. Nf1 Ng5 15.
Nxg5 hxg5 16. Be3 Qe7 17. Bxa7 Nxa7 18. Ne3 Rad8 19. Bb3 Bxb3 20. axb3 g6 21.
Nd5 Qe6 22. Qe3 Nc8 23. Nxc7 Qxb3 24. Qxg5 Nd6 25. Nd5 Qxb2 26. Nf6+ Kg7 27.
Nh5+ Kh7 28. Nf6+ Kg7 29. Qxe5 Nc4 30. Ne8+ Kh6 31. Qg7+ Kg5 32. f4+ Kh4 33.
Qh6+ Kg3 34. Qg5# 1-0

[Event "IHEM 2009"]
[Site "Hamburg"]
[Date "2009.06.04"]
[Round "6.7"]
[White "Wohl, Aleksandar H"]
[Black "Rosmann, Ilja"]
[Result "1-0"]
[WhiteElo "2376"]
[BlackElo "2282"]
[PlyCount "69"]
[EventDate "2009.??.??"]
[EventRounds "9"]
[EventCountry "GER"]
[WhiteTeam "SK Weilheim"]
[BlackTeam "Königsspringer SC.1984 e.V."]

1. c4 Nf6 2. Nf3 c5 3. g3 Nc6 4. Bg2 e5 5. Nc3 d6 6. d3 Be7 7. Bg5 O-O 8. O-O
Ne8 9. Bxe7 Nxe7 10. e3 f5 11. d4 cxd4 12. exd4 e4 13. Ne1 d5 14. f3 Nf6 15.
fxe4 dxe4 16. Nc2 Be6 17. d5 Bd7 18. Qd4 b6 19. Ne3 Rc8 20. b4 Rf7 21. a4 g5
22. a5 Nh5 23. axb6 axb6 24. Bxe4 $1 fxe4 25. Rxf7 Kxf7 26. Nxe4 Nf5 27. Nxf5
Bxf5 28. Rf1 Kg6 29. Rxf5 Kxf5 30. g4+ Kxg4 31. Ng3+ Kh3 32. Qd3 Qc7 33. Nxh5+
Kh4 34. Nf6 h5 35. d6 $1 1-0

[Event "IHEM 2009"]
[Site "Hamburg"]
[Date "2009.06.04"]
[Round "6.8"]
[White "Carlstedt, Jonathan"]
[Black "Strobel, Holger"]
[Result "1-0"]
[WhiteElo "2322"]
[BlackElo "2255"]
[PlyCount "111"]
[EventDate "2009.??.??"]
[EventRounds "9"]
[EventCountry "GER"]
[WhiteTeam "Hamburger SK von 1830 eV"]
[BlackTeam "SK Union Eimsbüttel eV"]

1. c4 b5 2. cxb5 a6 3. bxa6 Bxa6 4. Nf3 Nf6 5. Nc3 d5 6. d4 e6 7. g3 Bd6 8. Bg2
O-O 9. O-O c5 10. Re1 Nbd7 11. b3 cxd4 12. Nxd4 Qa5 13. Bd2 Qb6 14. Nf3 Rac8
15. Na4 Qb8 16. Nd4 Be5 17. Bc1 Ne4 18. Bb2 Ndc5 19. Nxc5 Nxc5 20. Rc1 Qb6 21.
Ba1 Nd3 22. exd3 Bxd4 23. Bxd4 Qxd4 24. Qd2 e5 25. Qe3 Bxd3 26. Qxd4 exd4 27.
Rcd1 Rc3 28. Bxd5 Rd8 29. Bc4 Bxc4 30. Rxd4 Ra8 31. Rxc4 Rxc4 32. bxc4 Kf8 33.
Re2 Ra4 34. Rc2 Ke7 35. c5 Kd7 36. c6+ Kc7 37. Re2 Kxc6 38. Re7 Rxa2 39. Rxf7
g5 40. Rxh7 Kd6 41. Rh5 g4 42. Rh4 Ra4 43. h3 Ra1+ 44. Kg2 gxh3+ 45. Kxh3 Ke6
46. Rf4 Rh1+ 47. Kg4 Rh8 48. Re4+ Kf6 49. f4 Rg8+ 50. Kf3 Ra8 51. g4 Ra1 52.
g5+ Kg6 53. Re6+ Kf7 54. Rb6 Ra3+ 55. Kg4 Ra4 56. g6+ 1-0

[Event "IHEM 2009"]
[Site "Hamburg"]
[Date "2009.06.04"]
[Round "6.9"]
[White "Hebbinghaus, Holger"]
[Black "Mueller, Joerg"]
[Result "1/2-1/2"]
[WhiteElo "2298"]
[BlackElo "2098"]
[PlyCount "39"]
[EventDate "2009.??.??"]
[EventRounds "9"]
[EventCountry "GER"]
[WhiteTeam "SK Marmstorf GW Harburg"]
[BlackTeam "SV Eidelstedt"]

1. e4 e5 2. Nf3 Nc6 3. Nc3 Bc5 4. Nxe5 Bxf2+ 5. Kxf2 Nxe5 6. d4 Ng6 7. Bc4 d6
8. Rf1 Be6 9. Be2 N8e7 10. Kg1 d5 11. exd5 Nxd5 12. Ne4 c6 13. c3 O-O 14. Bd3
h6 15. Qh5 Qh4 16. Qxh4 Nxh4 17. Nc5 Bc8 18. Bd2 b6 19. Ne4 Be6 20. Rae1
1/2-1/2

[Event "IHEM 2009"]
[Site "Hamburg"]
[Date "2009.06.04"]
[Round "6.10"]
[White "Bente, Bjoern"]
[Black "Ritscher, Jan Paul"]
[Result "1/2-1/2"]
[WhiteElo "2273"]
[BlackElo "2295"]
[PlyCount "24"]
[EventDate "2009.??.??"]
[EventRounds "9"]
[EventCountry "GER"]
[WhiteTeam "Hamburger SK von 1830 eV"]
[BlackTeam "SF Hamburg eV 1934"]

1. d4 d5 2. c4 e6 3. Nf3 c6 4. Nc3 Nd7 5. cxd5 exd5 6. Bf4 f5 7. Qc2 Ndf6 8. e3
Bd6 9. Bxd6 Qxd6 10. Bd3 Ne4 11. Ne5 Ngf6 12. O-O O-O 1/2-1/2

[Event "IHEM 2009"]
[Site "Hamburg"]
[Date "2009.06.04"]
[Round "6.11"]
[White "Jacoby, Gisbert"]
[Black "Bach, Matthias"]
[Result "0-1"]
[WhiteElo "2196"]
[BlackElo "2276"]
[PlyCount "188"]
[EventDate "2009.??.??"]
[EventRounds "9"]
[EventCountry "GER"]

1. Nf3 d5 2. d4 e6 3. c4 c5 4. e3 Nc6 5. Nc3 Nf6 6. cxd5 exd5 7. Be2 Bd6 8. Nb5
c4 9. Nxd6+ Qxd6 10. O-O b5 11. b3 Rb8 12. bxc4 bxc4 13. Ne5 O-O 14. Qa4 Nxe5
15. dxe5 Qxe5 16. Ba3 Bd7 17. Qxa7 Rfc8 18. Bc5 Ra8 19. Bd4 Rxa7 20. Bxe5 Bf5
21. Rfc1 Rca8 22. Bf3 Ne4 23. Bxe4 Bxe4 24. f3 Bd3 25. Bd4 Ra4 26. a3 Rb8 27.
Ra2 Rb3 28. Rc3 Rb1+ 29. Kf2 f6 30. Rd2 Kf7 31. Bc5 Ke6 32. e4 dxe4 33. fxe4
Rf1+ 34. Kg3 Rb1 35. Rf2 Bxe4 36. Rd2 Bd3 37. h4 Kd5 38. Kf4 Ra5 39. Bf2 Ra1
40. Rb2 R1xa3 41. Rxa3 Rxa3 42. Rb7 c3 43. Rxg7 c2 44. Be3 Bb5 45. Rc7 Bc6 46.
Bc1 Ra1 47. Bb2 Rf1+ 48. Kg4 c1=Q 49. Bxc1 Rxc1 50. Rxh7 Ke6 51. g3 Bg2 52. Rg7
Rc4+ 53. Kh5 Bf3+ 54. Kh6 Rc8 55. Ra7 Rg8 56. Ra6+ Ke5 57. Ra5+ Bd5 58. Ra3 Be4
59. Ra5+ Ke6 60. Ra6+ Kf5 61. g4+ Rxg4 62. h5 Rh4 63. Rxf6+ Kg4 64. Rf1 Rxh5+
65. Kg7 Kg5 66. Rg1+ Kf5 67. Rf1+ Ke5 68. Kf8 Rh7 69. Rf7 Rh6 70. Re7+ Kd5 71.
Rd7+ Kc6 72. Rd1 Rh7 73. Rg1 Bd5 74. Rg6+ Kc5 75. Rg7 Rh6 76. Ke7 Re6+ 77. Kd7
Ra6 78. Ke7 Re6+ 79. Kd7 Re5 80. Rg6 Re2 81. Rd6 Ra2 82. Rh6 Ra7+ 83. Ke8 Kd4
84. Kd8 Ke5 85. Kc8 Be6+ 86. Kb8 Rg7 87. Rh8 Kd6 88. Rd8+ Kc6 89. Rd1 Rb7+ 90.
Ka8 Rb4 91. Ra1 Kc7 92. Ra7+ Kc8 93. Ra5 Bd5+ 94. Ka7 Rb7+ 0-1

[Event "IHEM 2009"]
[Site "Hamburg"]
[Date "2009.06.04"]
[Round "6.12"]
[White "Schulz, Hans Juergen"]
[Black "Parligras, Mircea"]
[Result "0-1"]
[WhiteElo "2013"]
[BlackElo "2586"]
[PlyCount "42"]
[EventDate "2009.??.??"]
[EventRounds "9"]
[EventCountry "GER"]
[WhiteTeam "Hamburger SK von 1830 eV"]
[BlackTeam "SG Trier"]

1. e4 c5 2. b4 cxb4 3. Bb2 Nf6 4. e5 Nd5 5. a3 d6 6. c4 bxc3 7. dxc3 dxe5 8.
Bb5+ Nc6 9. c4 Nf4 10. Bxc6+ bxc6 11. Qxd8+ Kxd8 12. Kf1 f6 13. Nd2 Bf5 14. g3
Nd3 15. Bc3 e6 16. f3 Rb8 17. g4 Bg6 18. Rd1 Kc8 19. Ne4 Bxe4 20. fxe4 Nc5 21.
Ba5 Be7 0-1

[Event "IHEM 2009"]
[Site "Hamburg"]
[Date "2009.06.04"]
[Round "6.13"]
[White "Putzbach, Gerd"]
[Black "Maahs, Erich"]
[Result "1-0"]
[WhiteElo "2286"]
[BlackElo "2168"]
[PlyCount "133"]
[EventDate "2009.??.??"]
[EventRounds "9"]
[EventCountry "GER"]
[WhiteTeam "Niendorfer TSV 1919 SAbt"]
[BlackTeam "SC Concordia SAbt Palamedes"]

1. e4 e5 2. Nf3 Nf6 3. Nxe5 d6 4. Nf3 Nxe4 5. d4 d5 6. Bd3 Nc6 7. O-O Be7 8. c4
Nf6 9. h3 O-O 10. Nc3 Nb4 11. Be2 dxc4 12. Bxc4 Nbd5 13. Bg5 h6 14. Nxd5 Nxd5
15. Bxe7 Nxe7 16. Ne5 Nd5 17. Qb3 c6 18. Bxd5 cxd5 19. Rac1 b6 20. Nc6 Qf6 21.
Qxd5 Be6 22. Qe5 Qxe5 23. dxe5 Bxa2 24. Ra1 Bc4 25. Rfc1 b5 26. Nxa7 Rfe8 27.
f4 Red8 28. Ra3 Rd2 29. Nxb5 Rxa3 30. Nxa3 Bd5 31. Rc2 Rd4 32. Rf2 Bc6 33. Nc2
Re4 34. Kh2 h5 35. Kg3 Kh7 36. Kh4 Kh6 37. g4 g6 38. g5+ Kg7 39. Kg3 Kf8 40. h4
Ke7 41. Rd2 Ba4 42. Nd4 Re3+ 43. Kg2 Bd7 44. b4 Kd8 45. Kf2 Re4 46. Kf3 Re1 47.
e6 fxe6 48. Nc6+ Kc7 49. Ne5 Be8 50. Ra2 Kb7 51. b5 Rf1+ 52. Kg3 Rg1+ 53. Kf2
Rh1 54. Ra6 Rxh4 55. Kg3 Rh1 56. Rxe6 Bxb5 57. Rxg6 h4+ 58. Kg2 Re1 59. Rh6
Re2+ 60. Kh3 Rf2 61. Rxh4 Bf1+ 62. Kg4 Kc7 63. Kf5 Be2 64. g6 Bd1 65. g7 Bc2+
66. Kf6 Bb3 67. Nf7 1-0

[Event "IHEM 2009"]
[Site "Hamburg"]
[Date "2009.06.04"]
[Round "6.14"]
[White "Foerster, Andreas"]
[Black "Lindinger, Markus"]
[Result "1-0"]
[WhiteElo "2214"]
[BlackElo "2283"]
[PlyCount "65"]
[EventDate "2009.??.??"]
[EventRounds "9"]
[EventCountry "GER"]
[WhiteTeam "SK Union Eimsbüttel eV"]
[BlackTeam "Hamburger SK von 1830 eV"]

1. d4 Nf6 2. c4 g6 3. Nc3 d5 4. Bg5 Ne4 5. Bh4 Nxc3 6. bxc3 dxc4 7. Qa4+ Qd7 8.
Qxc4 Bg7 9. Bg3 Nc6 10. Nf3 O-O 11. e3 b6 12. Be2 Bb7 13. O-O Na5 14. Qb4 Rfc8
15. Ne5 Qe8 16. Bb5 c6 17. Ba4 Bf8 18. Rac1 e6 19. Qb1 f6 20. Ng4 Qf7 21. e4 h5
22. Ne3 c5 23. d5 exd5 24. exd5 f5 25. c4 Bh6 26. f4 Bg7 27. Qd3 a6 28. Be1 Bd4
29. Bxa5 bxa5 30. Kh1 Rcb8 31. Nc2 Bb2 32. Rb1 Bc8 33. Rfe1 1-0

[Event "IHEM 2009"]
[Site "Hamburg"]
[Date "2009.06.04"]
[Round "6.16"]
[White "Kopisch, Martin"]
[Black "Dalakian, Haroutioun"]
[Result "1/2-1/2"]
[WhiteElo "2142"]
[BlackElo "2130"]
[PlyCount "42"]
[EventDate "2009.??.??"]
[EventRounds "9"]
[EventCountry "GER"]
[WhiteTeam "Bille SC von 1924 e.V."]
[BlackTeam "Hamburger SK von 1830 eV"]

1. e4 e5 2. Nf3 Nc6 3. Bb5 a6 4. Ba4 Nf6 5. Qe2 b5 6. Bb3 Bc5 7. a4 Rb8 8. axb5
axb5 9. c3 d6 10. h3 O-O 11. d3 Be6 12. Bc2 h6 13. Be3 Bxe3 14. Qxe3 Nh5 15.
O-O Qf6 16. Kh2 Nf4 17. Ng1 b4 18. g3 Ng6 19. Ba4 Nd8 20. Nd2 Qe7 21. f4 f5
1/2-1/2

[Event "IHEM 2009"]
[Site "Hamburg"]
[Date "2009.06.04"]
[Round "6.17"]
[White "Hawranke, Dietrich"]
[Black "Weiss, Siegfried"]
[Result "0-1"]
[WhiteElo "2176"]
[BlackElo "2038"]
[PlyCount "82"]
[EventDate "2009.??.??"]
[EventRounds "9"]
[EventCountry "GER"]
[WhiteTeam "Pinneberger SC 1932 eV"]
[BlackTeam "Königsspringer SC.1984 e.V."]

1. Nf3 e6 2. c4 f5 3. g3 Nf6 4. Bg2 b6 5. O-O Bb7 6. Nc3 Be7 7. d4 Ne4 8. d5
Nxc3 9. bxc3 Na6 10. Nd4 Nc5 11. dxe6 Bxg2 12. exd7+ Qxd7 13. Kxg2 Rd8 14. Bf4
Ne6 15. Qc1 O-O 16. Qe3 Nxf4+ 17. gxf4 Rf6 18. Kh1 Bc5 19. Rad1 Qf7 20. Qf3
Qxc4 21. Nc6 Rxd1 22. Rxd1 Qxa2 23. Ne5 Bd6 24. Nd7 Re6 25. Qa8+ Kf7 26. Ne5+
Bxe5 27. fxe5 Qa4 28. Qd8 Qe4+ 29. f3 Qxe5 30. Rd5 Re8 31. Qd7+ Re7 32. Qb5
Qxe2 33. Rxf5+ Kg8 34. Qd5+ Qe6 35. Re5 Qxd5 36. Rxd5 Kf7 37. Kg2 Ke6 38. Rh5
g6 39. Rh4 Kd5 40. Kf2 a5 41. Rd4+ Kc5 0-1

[Event "IHEM 2009"]
[Site "Hamburg"]
[Date "2009.06.05"]
[Round "7.1"]
[White "Rogozenco, Dorian"]
[Black "Ftacnik, Lubomir"]
[Result "1/2-1/2"]
[WhiteElo "2546"]
[BlackElo "2559"]
[PlyCount "67"]
[EventDate "2009.??.??"]
[EventRounds "9"]
[EventCountry "GER"]
[WhiteTeam "ESV Nickelhütte Aue"]
[BlackTeam "Hamburger SK von 1830 eV"]

1. d4 Nf6 2. Nc3 d5 3. Bg5 Nbd7 4. Qd3 g6 5. f3 Bg7 6. e4 c6 7. e5 Ng8 8. O-O-O
f6 9. exf6 exf6 10. Be3 Ne7 11. g4 Nb6 12. Kb1 h5 13. Be2 Be6 14. Re1 Qd7 15.
h3 O-O-O 16. Bd1 Bf7 17. b3 hxg4 18. fxg4 g5 19. Nge2 Bg6 20. Qd2 Qd6 21. Reg1
Qb4 22. Ne4 Qxd2 23. Nxd2 Rde8 24. Ng3 Kd8 25. Nf3 Nbc8 26. h4 gxh4 27. Nxh4
Nd6 28. Nxg6 Nxg6 29. Bc1 Rxh1 30. Rxh1 Ne4 31. Nxe4 Rxe4 32. Bf3 Re7 33. Bd2
Nf8 34. c3 1/2-1/2